000 00656nam a2200253Ia 4500
003 OSt
005 20220924122109.0
006 a|||||r|||| 00| 0
007 ta
008 220923b |||||||| |||| 00| 0 urd d
020 _c15.00
024 _a310196
037 _cTextual
040 _aARTS
_cARTS
_burd
041 _2urd
_aurd
082 _aO168x2,N5, H1
100 _aAbdulwaheed Ed.
_9188280
245 0 _aKaawan-e-adab
260 _aLahore
_bFeroze & Sons Pakistan
_c1941
300 _a384p.
_ccm.
650 _aURDU LITERATURE
942 _hO168x2,N5, H1
_cTEXL
_2CC
999 _c410221
_d410221